00761nam a22002297a 450000500170000001000130001702000200003003500130005003700160006304000120007908200110009110000280010224500420013026000380017227000400021030000200025065000220027065000170029294200200030999900190032995201830034820170124110115.0 aA-285296 c00.00a43428002 aA-285296 bCen Lib/Ret aDPLbEN aNbGAR aGarner, William 929897 aZones of silence /cby Willaim Garner bWilliam heinemann aLondon c2006 bLondon a10 Upper grosvenor street  a278p.c22cm(Hb) aLiterature 96262 aNovel922513 2ddccENhNmGAR c130707d130707 04104070aLbLd2015-07-10eCen Lib/Retg0.00l0oN GARpA-285296r2015-07-10 00:00:00t1v0.00w2015-07-10yENzWritten off on approval by DLB (By Circulation); dtd 15-06-2023